| 000 | 00843nam a2200313Ia 4500 | ||
|---|---|---|---|
| 008 | 170203s9999 xx 000 0 und d | ||
| 020 | _a0-590481193 | ||
| 050 | _aFic | ||
| 050 | _bFl597d | ||
| 100 | _aFleming, Denise. | ||
| 245 | _aIn the small, small pond / | ||
| 245 | _cDenise Fleming. | ||
| 260 | _aNew York : | ||
| 260 | _bScholastic Inc. | ||
| 260 | _c1993 | ||
| 300 | _a1 volume (unpaged) : | ||
| 300 | _bcolor illustrations ; | ||
| 300 | _c26 cm | ||
| 500 | _aArt techniques used: layers of hand made paper and colorful cotton pulp. | ||
| 650 | _aPond animals -- | ||
| 650 | _aPond animals -- | ||
| 650 | _aPond animals -- | ||
| 650 | _aSeasons -- | ||
| 650 | _aStories in rhyme. | ||
| 650 | _xFiction. | ||
| 650 | _xJuvenile fiction. | ||
| 650 | _xJuvenile poetry. | ||
| 650 | _xJuvenile poetry. | ||
| 999 |
_c306620 _d306620 |
||